Food in Indonesia, 1952-1967; (Record no. 87702)
[ view plain ]
| 000 -LEADER | |
|---|---|
| fixed length control field | 00910cam a2200241 4500 |
| 001 - CONTROL NUMBER | |
| control field | sa 68017397 |
| 003 - CONTROL NUMBER IDENTIFIER | |
| control field | DLC |
| 005 - DATE AND TIME OF LATEST TRANSACTION | |
| control field | 20260227112702.0 |
| 008 - FIXED-LENGTH DATA ELEMENTS--GENERAL INFORMATION | |
| fixed length control field | 901001s1968 io 00010 eng |
| 010 ## - LIBRARY OF CONGRESS CONTROL NUMBER | |
| LC control number | sa 68017397 //r90 |
| 025 ## - OVERSEAS ACQUISITION NUMBER | |
| Overseas acquisition number | PL480:Indo-7851 |
| 040 ## - CATALOGING SOURCE | |
| Original cataloging agency | DLC |
| Transcribing agency | DLC |
| Modifying agency | DLC |
| 050 00 - LIBRARY OF CONGRESS CALL NUMBER | |
| Classification number | Z7164.F7 |
| Item number | P85 |
| 082 00 - DEWEY DECIMAL CLASSIFICATION NUMBER | |
| Classification number | 016.338/1/9/91 |
| 110 20 - MAIN ENTRY--CORPORATE NAME | |
| Corporate name or jurisdiction name as entry element | Pusat Dokumentasi Ilmiah Nasional (Indonesia) |
| 245 10 - TITLE STATEMENT | |
| Title | Food in Indonesia, 1952-1967; |
| Remainder of title | a bibliography. |
| 260 0# - PUBLICATION, DISTRIBUTION, ETC. | |
| Place of publication, distribution, etc. | [Djakarta] |
| Name of publisher, distributor, etc. | Indonesian National Scientific Documentation Center |
| Date of publication, distribution, etc. | [1968] |
| 300 ## - PHYSICAL DESCRIPTION | |
| Extent | x, 104 p. |
| Dimensions | 24 cm. |
| 500 ## - GENERAL NOTE | |
| General note | Prepared for the United States National Academy of Sciences and the Indonesian Institute of Sciences "Workshop on Food" held at Djakarta, May-June, 1968. |
| 650 #0 - SUBJECT ADDED ENTRY--TOPICAL TERM | |
| Topical term or geographic name entry element | Food supply |
| Geographic subdivision | Indonesia |
| General subdivision | Bibliography. |
| 710 20 - ADDED ENTRY--CORPORATE NAME | |
| Corporate name or jurisdiction name as entry element | National Academy of Sciences (U.S.) |
| 710 20 - ADDED ENTRY--CORPORATE NAME | |
| Corporate name or jurisdiction name as entry element | Lembaga Ilmu Pengetahuan Indonesia. |
No items available.